Personen und Strukturen der Sozialen Dienste in der Justiz

Saved in:  
Bibliographic Details
Main Author: Kurze, Martin (Author)
Format: Print Article
Language:German
Published: 1996
In: Bewährungshilfe
Year: 1996, Volume: 43, Issue: 2, Pages: 145-157
Online Access: Volltext (kostenfrei)
Check availability: HBZ Gateway
Keywords:

MARC

LEADER 00000caa a22000002c 4500
001 163916443X
003 DE-627
005 20220608124244.0
007 tu
008 160223s1996 xx ||||| 00| ||ger c
035 |a (DE-627)163916443X 
035 |a (DE-576)455787263 
035 |a (DE-599)BSZ455787263 
040 |a DE-627  |b ger  |c DE-627  |e rakwb 
041 |a ger 
100 1 |a Kurze, Martin  |0 (DE-588)112683800  |0 (DE-627)718513673  |0 (DE-576)367469901  |4 aut 
109 |a Kurze, Martin 
245 1 0 |a Personen und Strukturen der Sozialen Dienste in der Justiz  |c Martin Kurze 
264 1 |c 1996 
336 |a Text  |b txt  |2 rdacontent 
337 |a ohne Hilfsmittel zu benutzen  |b n  |2 rdamedia 
338 |a Band  |b nc  |2 rdacarrier 
650 0 7 |0 (DE-588)4006305-7  |0 (DE-627)106378023  |0 (DE-576)208865039  |a Bewährungshilfe  |2 gnd 
650 0 7 |0 (DE-588)4156821-7  |0 (DE-627)105505560  |0 (DE-576)209829761  |a Gerichtshilfe  |2 gnd 
773 0 8 |i In  |t Bewährungshilfe  |d Mönchengladbach : Forum-Verl. Godesberg, 1954  |g 43(1996), 2, Seite 145-157  |w (DE-627)129523623  |w (DE-600)213068-3  |w (DE-576)014940582  |x 0405-6779  |7 nnas 
773 1 8 |g volume:43  |g year:1996  |g number:2  |g pages:145-157 
856 4 1 |u  http://nbn-resolving.de/urn:nbn:de:hebis:2378-opus-1205  |x Digitalisierung  |z kostenfrei  |3 Volltext  |7 0 
935 |a mkri 
951 |a AR 
ELC |b 1 
LOK |0 000 xxxxxcx a22 zn 4500 
LOK |0 001 3299484710 
LOK |0 003 DE-627 
LOK |0 004 163916443X 
LOK |0 005 20250505095648 
LOK |0 008 160208||||||||||||||||ger||||||| 
LOK |0 040   |a DE-21-110  |c DE-627  |d DE-21-110 
LOK |0 689   |a s  |a Sozialdienste der Justiz 
LOK |0 852   |a DE-21-110 
LOK |0 852 1  |m p  |9 00 
LOK |0 935   |a k110 
LOK |0 938   |k p 
LOK |0 939   |a 08-02-16  |b l01 
LOK |0 000 xxxxxcx a22 zn 4500 
LOK |0 001 3744645045 
LOK |0 003 DE-627 
LOK |0 004 163916443X 
LOK |0 005 20200831132043 
LOK |0 008 200831||||||||||||||||ger||||||| 
LOK |0 040   |a DE-2619  |c DE-627  |d DE-2619 
LOK |0 852   |a DE-2619 
LOK |0 852 1  |9 00 
LOK |0 935   |a krim 
LOK |0 939   |a 31-08-20  |b l01 
OAS |a 1 
ORI |a SA-MARC-krimdoka001.raw